Kính vạn hoa
Shranjeno v:
| Glavni avtor: | |
|---|---|
| Format: | Knjiga |
| Jezik: | Undetermined |
| Izdano: |
Hà Nội
Kim Đồng
2005
|
| Teme: | |
| Oznake: |
Označite
Brez oznak, prvi označite!
|
| Thư viện lưu trữ: | Trung tâm Học liệu Trường Đại học Cần Thơ |
|---|
| LEADER | 00626nam a2200229Ia 4500 | ||
|---|---|---|---|
| 001 | CTU_132383 | ||
| 008 | 210402s9999 xx 000 0 und d | ||
| 020 | |c 90000 | ||
| 082 | |a 895.9223 | ||
| 082 | |b A107/T.3 | ||
| 100 | |a Nguyễn, Nhật Ánh | ||
| 245 | 0 | |a Kính vạn hoa | |
| 245 | 0 | |c Nguyễn Nhật Ánh | |
| 260 | |a Hà Nội | ||
| 260 | |b Kim Đồng | ||
| 260 | |c 2005 | ||
| 650 | |a Tiểu thuyết,Fiction | ||
| 650 | |x School fiction | ||
| 650 | |y 21th century | ||
| 650 | |z Việt Nam,Vietnam | ||
| 904 | |i Trọng Hải | ||
| 980 | |a Trung tâm Học liệu Trường Đại học Cần Thơ | ||